[Event "Fourmies op 27th"]
[Site "Fourmies"]
[Date "2003.06.07"]
[Round "2"]
[White "Vendois, David"]
[Black "Renard, Stephane"]
[Result "0-1"]
[WhiteElo "1440"]
[BlackElo "2026"]
[PlyCount "86"]
[EventDate "2003.06.07"]
[EventType "swiss"]
[EventRounds "7"]
[EventCountry "FRA"]
[SourceTitle "EXT 2020"]
[Source "ChessBase"]
[SourceDate "2019.10.17"]
[SourceVersion "1"]
[SourceVersionDate "2019.10.17"]
[SourceQuality "1"]

1. e4 c5 2. Nf3 Nc6 3. d4 cxd4 4. Nxd4 Nf6 5. Nc3 e5 6. Nxc6 bxc6 7. Bc4 Bb4 8. Bd2 0-0 9. 0-0 Bb7 10. a3 Ba5 11. b4 Bc7 12. Bg5 h6 13. Bh4 d6 14. Qf3 Qe7 15. Rfd1 Rfd8 16. a4 a6 17. Rab1 g5 18. Bg3 d5 19. exd5 e4 20. Nxe4 Qxe4 21. Bxc7 Qxf3 22. gxf3 Rd7 23. dxc6 Bxc6 24. Rxd7 Nxd7 25. a5 Bxf3 26. Re1 Rc8 27. Bxa6 Rxc7 28. c4 Kf8 29. Re3 g4 30. Bb5 Nb8 31. Re8+ Kg7 32. Rxb8 Re7 33. Re8 Rc7 34. Re3 Ba8 35. Rg3 h5 36. h3 f5 37. hxg4 hxg4 38. Rd3 Kf6 39. Rd7 Rc8 40. a6 Bf3 41. a7 Rh8 42. Rd6+ Kg5 43. Bc6 Rh1# 0-1